Top 5 Songs On The Fall (Gorillaz) - Statistics

General Stats
  • This quiz has been taken 20 times
  • The average score is 4 of 5
Answer Stats
Hint Answer % Correct
19,159,427 Revolving Doors
100%
8,347,336 HillBilly Man
94%
9,148,035 Amarillo
83%
7,457,251 The Snake In Dallas
78%
14,420,764 Detroit
72%
No matching quizzes found
Score Distribution
Percent of People with Each Score
Percentile by Number Answered
Your Score History
You have not taken this quiz